Housing policy and practice / (Record no. 26583)
[ view plain ]
| 000 -LEADER | |
|---|---|
| fixed length control field | 00843cam a22002775a 4500 |
| 001 - CONTROL NUMBER | |
| control field | 010052455 |
| 005 - DATE AND TIME OF LATEST TRANSACTION | |
| control field | 20180424122750.0 |
| 008 - FIXED-LENGTH DATA ELEMENTS--GENERAL INFORMATION | |
| fixed length control field | 830523t1982 enk fr 001 0 eng d |
| 020 ## - INTERNATIONAL STANDARD BOOK NUMBER | |
| International Standard Book Number | 0333328434 |
| 040 ## - CATALOGING SOURCE | |
| Original cataloging agency | Uk |
| Transcribing agency | Uk |
| Language of cataloging | eng |
| Modifying agency | EG-ScBUE |
| 043 ## - GEOGRAPHIC AREA CODE | |
| Geographic area code | e-uk--- |
| 082 04 - DEWEY DECIMAL CLASSIFICATION NUMBER | |
| Classification number | 301.5/4/0941 |
| Edition number | 18 |
| 082 04 - DEWEY DECIMAL CLASSIFICATION NUMBER | |
| Classification number | 363.5560941 |
| Edition number | 22 |
| Item number | MAL |
| 100 1# - MAIN ENTRY--PERSONAL NAME | |
| Personal name | Malpass, Peter. |
| 245 10 - TITLE STATEMENT | |
| Title | Housing policy and practice / |
| Statement of responsibility, etc | Peter Malpass and Alan Murie. |
| 260 ## - PUBLICATION, DISTRIBUTION, ETC. (IMPRINT) | |
| Place of publication, distribution, etc | London : |
| Name of publisher, distributor, etc | Macmillan, |
| Date of publication, distribution, etc | c.1982. |
| 300 ## - PHYSICAL DESCRIPTION | |
| Extent | xi, 201 p. ; |
| Dimensions | 23 cm. |
| 490 0# - Series Statement | |
| Series statement | Public policy and politics |
| 500 ## - GENERAL NOTE | |
| General note | Includes index. |
| 650 #7 - SUBJECT ADDED ENTRY--TOPICAL TERM | |
| Topical term or geographic name as entry element | Housing policy |
| Geographic subdivision | Great Britain. |
| Source of heading or term | BUEsh |
| 9 (RLIN) | 35130 |
| 653 ## - INDEX TERM--UNCONTROLLED | |
| Resource For college | Generalities |
| -- | BAEPS, Political Science |
| Arrived date list | April2018 |
| 690 7# - LOCAL SUBJECT ADDED ENTRY--TOPICAL TERM (OCLC, RLIN) | |
| Topical term or geographic name as entry element | Social Welfare |
| Source of heading or term | blcoll |
| 700 1# - ADDED ENTRY--PERSONAL NAME | |
| Personal name | Murie, Alan. |
| 886 2# - FOREIGN MARC INFORMATION FIELD | |
| 2 | ukmarc |
| a | 900 |
| b | 10 |
| a | Murie |
| h | A. S. |
| x | See |
| a | Murie, Alan |
| z | 700 |
| 942 ## - ADDED ENTRY ELEMENTS (KOHA) | |
| Source of classification or shelving scheme | Dewey Decimal Classification |
| Withdrawn status | Item status | Source of classification or shelving scheme | Damaged status | Not for loan | Home library | Current library | Shelving location | Date acquired | Total Checkouts | Full call number | Barcode | Date last seen | Koha item type |
|---|---|---|---|---|---|---|---|---|---|---|---|---|---|
| Dewey Decimal Classification | Central Library | Central Library | First floor | 24/04/2018 | 363.5560941 MAL | 000047661 | 15/07/2025 | Book - Borrowing |